İstanbul Üniversitesi Hukuk Fakültesi mecmuası / (Record no. 200465041)
[ view plain ]
| 000 -LEADER | |
|---|---|
| fixed length control field | 00980aas a2200301 i 4500 |
| 001 - CONTROL NUMBER | |
| control field | 200465041 |
| 003 - CONTROL NUMBER IDENTIFIER | |
| control field | TR-AnTOB |
| 005 - DATE AND TIME OF LATEST TRANSACTION | |
| control field | 20250813142916.0 |
| 007 - PHYSICAL DESCRIPTION FIXED FIELD--GENERAL INFORMATION | |
| fixed length control field | ta |
| 008 - FIXED-LENGTH DATA ELEMENTS--GENERAL INFORMATION | |
| fixed length control field | 250806q1930 tu qr||| ||| 010 0 tur d |
| 022 ## - INTERNATIONAL STANDARD SERIAL NUMBER | |
| Source | 13034375 |
| 040 ## - CATALOGING SOURCE | |
| Original cataloging agency | TR-AnTOB |
| Language of cataloging | eng |
| Description conventions | rda |
| Transcribing agency | TR-AnTOB |
| 041 0# - LANGUAGE CODE | |
| Language code of text/sound track or separate title | Türkçe |
| 050 1# - LIBRARY OF CONGRESS CALL NUMBER | |
| Classification number | K9 |
| 222 10 - KEY TITLE | |
| Key title | Hukuk Fakültesi mecmuası. |
| 245 00 - TITLE STATEMENT | |
| Title | İstanbul Üniversitesi Hukuk Fakültesi mecmuası / |
| Statement of responsibility, etc. | İstanbul Üniversitesi Hukuk Fakültesi. |
| 264 #1 - PRODUCTION, PUBLICATION, DISTRIBUTION, MANUFACTURE, AND COPYRIGHT NOTICE | |
| Place of production, publication, distribution, manufacture | İstanbul : |
| Name of producer, publisher, distributor, manufacturer | İstanbul Üniversitesi Hukuk Fakültesi, |
| Date of production, publication, distribution, manufacture, or copyright notice | 1930- |
| 300 ## - PHYSICAL DESCRIPTION | |
| Extent | volumes ; |
| Dimensions | 23 cm |
| 306 ## - PLAYING TIME | |
| Playing time | quarterly |
| 336 ## - CONTENT TYPE | |
| Content type term | text |
| Source | rdacontent |
| Content type code | txt |
| 337 ## - MEDIA TYPE | |
| Media type term | unmediated |
| Source | rdamedia |
| Media type code | n |
| 338 ## - CARRIER TYPE | |
| Carrier type term | volume |
| Source | rdacarrier |
| Carrier type code | nc |
| 500 ## - GENERAL NOTE | |
| General note | Dergi basılı olarak bulunmamaktadır elektronik erişim linki mevcuttur |
| 650 #7 - SUBJECT ADDED ENTRY--TOPICAL TERM | |
| Topical term or geographic name entry element | Hukuk |
| Form subdivision | Süreli yayınlar |
| Source of heading or term | etuturkob |
| 9 (RLIN) | 84591 |
| 856 ## - ELECTRONIC LOCATION AND ACCESS | |
| Uniform Resource Identifier | <a href="https://dergipark.org.tr/en/pub/ihm">https://dergipark.org.tr/en/pub/ihm</a> |
| Public note | |
| 942 ## - ADDED ENTRY ELEMENTS (KOHA) | |
| Koha item type | Continuing Resource |
| Source of classification or shelving scheme | Library of Congress Classification |
No items available.
